00370nam a2200157Ia 45000010006000000050017000060080041000230410008000640820016000721000032000882450039001202600009001593000028001686500008001966540008002041318120260306163034.0260306t2016||||xx |||||||||||||| ||spa|| aESP a001.42bA67 aArbaiza Fermini, LydiaeAUT 0aCómo elaborar una tesis de grado c2016 a328 páginas :c24 cm. aGEN aCHU